| 000 | 00468nam a2200169 4500 | ||
|---|---|---|---|
| 001 | 149099 | ||
| 003 | ES-MaACL | ||
| 005 | 20230906202940.0 | ||
| 007 | t| | ||
| 008 | 070214s1914 be r ||||1| fre d | ||
| 100 | 1 |
_aSwarts, Frédéric. _9108927 |
|
| 245 | 1 | 0 |
_aCours de Chimie Inorganique / _cpar Frédéric Swarts. |
| 250 | _a2è éd. rev. et augm. | ||
| 260 |
_aGand : _bHoste, _c1914. |
||
| 300 |
_a2 t. en 1 v. : _bil. ; _c25 cm. |
||
| 852 |
_aES-MaACL _jF-148 |
||
| 999 |
_c149099 _d149099 |
||